LEADER 01000cam0 22002533 450 001 SOB006334 005 20210524091645.0 010 $a8823800935 100 $a20040211d1990 |||||ita|0103 ba 101 $aita 102 $aIT 200 1 $a<>impresa tra regolamentazione e concorrenza$eriflessioni sulla teoria economica della regolamentazione e sulla politica della concorrenza$fMaria Martellini 210 $aMilano$cEGEA$d1990 215 $a253 p.$d24 cm 700 1$aMartellini$b, Maria$3AF00006613$4070$0107403 801 0$aIT$bUNISOB$c20210524$gRICA 850 $aUNISOB 852 $aUNISOB$jFondo|Cofin$m106779 912 $aSOB006334 940 $aM 102 Monografia moderna SBN 941 $aM 957 $aFondo|Cofin$b000165$gSI$d106779$hCofin$racquisto$1carrano$2UNISOB$3UNISOB$420130201123824.0$520210524091645.0$6Spinosa$fPer le modalità di consultazione vedi homepage della Biblioteca link Fondi 996 $aImpresa tra regolamentazione e concorrenza$9196946 997 $aUNISOB